00700nam a2200181 a 450000100100000000500170001000800410002704000250006810000380009324500830013124600680021426000550028230000210033750000280035804900090038695201060039599900170050100002617120200930024349.0110303s2006 dr 000 0 spa d aDO-SdBNPbspacBNPHU1 aRodríguez Cruz, Héctor95317710a120 consejos para educar hijos felices y responsables /cHéctor Rodríguez.10aCiento veinte consejos para educar hijos felices y responsables aSanto Domingo :bFundación Metropolitana,c2006. a130 p. ;c18 cm. aBibliografía : p. 130 aBNPD 00107-18PDaPDbPDcOId2011-03-03iLF1l0o p26171-10r2020-06-25w2020-06-25yLFPDZNo se presta c25663d25663